000 00323nam a22001337a 4500
008 181001b xxu||||| |||| 00| 0 eng d
020 _a9780761916994
041 _aeng
080 _a159.9
100 _a49
101 _aPSI
245 _aThe link between childhood trauma and mental illness
_cEverett,B
942 _2udc
_cBK
999 _c48727
_d48727